000 00276nam a2200121Ia 4500
008 240624s9999 xx 000 0 und d
041 _aeng
082 _a330 THA
100 _aTHALER RICHARD H
245 _aMISBEHAVING
260 _c2015
_aNew Delhi
_bAllen Lane
365 _cRS
999 _c29358
_d29358